| 000 | 00628nam a2200241 a 4500 | ||
|---|---|---|---|
| 001 | nice12345678 | ||
| 003 | IN_TiNIC | ||
| 005 | 20260116012605.0 | ||
| 008 | 050524s1994 jaia grp 000 0 eng | ||
| 020 |
_a _c350 |
||
| 082 | 0 | 0 |
_a392.50297 _bKHA |
| 100 | _aKhan, C G Hussain | ||
| 245 | _aMarriage and Kinship Among Muslims in South India | ||
| 260 |
_aJaipur _bRawat Pub _c1994 |
||
| 300 | _a256p | ||
| 500 | _aincludes index and biblioraphy | ||
| 505 | 2 | _aIndex, Bibliography | |
| 650 | _aMarriage-Customs and Rites, Islamic | ||
| 700 | 1 | _aKhan, C G Hussain | |
| 902 | _bSRS | ||
| 942 | _cBK | ||
| 999 |
_c7578 _d7578 |
||